Fr. Conceicao Rodrigues College of Engineering

Electromagnetics-Schaums Series (Record no. 33148)

MARC details
000 -LEADER
fixed length control field 00319nam a2200145Ia 4500
100 ## - MAIN ENTRY--PERSONAL NAME
Personal name Edminister/ J.A.
250 ## - EDITION STATEMENT
Edition statement 2
245 ## - TITLE STATEMENT
Title Electromagnetics-Schaums Series
260 ## - PUBLICATION, DISTRIBUTION, ETC.
Name of publisher, distributor, etc. Tata Mc Graw hill
Place of publication, distribution, etc. New york
Date of publication, distribution, etc. 1993
300 ## - PHYSICAL DESCRIPTION
Extent 322
546 ## - LANGUAGE NOTE
Language note ENGLISH
654 ## - SUBJECT ADDED ENTRY--FACETED TOPICAL TERMS
Focus term electromagnetics
942 ## - ADDED ENTRY ELEMENTS (KOHA)
Koha item type BOOK
Holdings
Withdrawn status Lost status Damaged status Not for loan Collection Home library Current library Shelving location Date acquired Total Checkouts Full call number Barcode Date last seen Price effective from Koha item type Date last checked out
        CRC Fr. Agnel's C.Rodrigues College of Engineering Fr. Agnel's C.Rodrigues College of Engineering   17/03/2023   9890 17/03/2023 17/03/2023 BOOK  
        CRC Fr. Agnel's C.Rodrigues College of Engineering Fr. Agnel's C.Rodrigues College of Engineering   17/03/2023   9891 17/03/2023 17/03/2023 BOOK  
        CRC Fr. Agnel's C.Rodrigues College of Engineering Fr. Agnel's C.Rodrigues College of Engineering   17/03/2023   9892 17/03/2023 17/03/2023 BOOK  
        CRC Fr. Agnel's C.Rodrigues College of Engineering Fr. Agnel's C.Rodrigues College of Engineering   17/03/2023   9893 17/03/2023 17/03/2023 BOOK  
        CRC Fr. Agnel's C.Rodrigues College of Engineering Fr. Agnel's C.Rodrigues- College of Engineering   17/03/2023 1 9894 21/08/2023 17/03/2023 BOOK 21/08/2023